000
00257nam a2200109Ia 4500
008
230312s9999||||xx |||||||||||||| ||und||
082
_a
759.95491
_b
FAR-N
100
_a
Fajardo:julio
245
0
_a
New york architecture
650
_a
Architecture
942
_c
BK
999
_c
14594
_d
14594